| 000 | 01033nam a22002417a 4500 | ||
|---|---|---|---|
| 005 | 20080623121827.0 | ||
| 008 | 080623t xxu||||| |||| 00| f hin d | ||
| 010 | _aHIN-83570 | ||
| 020 |
_c275.00 _a9788190511766 |
||
| 035 | _aHN-55916 | ||
| 037 | _aपु.प्र.अ.प्र/प्रका | ||
| 040 |
_aDPL _bHN |
||
| 082 | _aउ / प्रेमच | ||
| 100 | _aप्रेमचन्द | ||
| 245 |
_aगबन / _cप्रेमचन्द |
||
| 246 |
_aGaban _bby Premchand |
||
| 260 |
_aदिल्ली _bराही प्रकाशन _c2007 |
||
| 270 |
_aएल 45, गली नं.5, करतार नगर _bदिल्ली _e110053 |
||
| 300 |
_a264पृ _c22सेमी(सजिल्द) |
||
| 650 | _aHindi Novels | ||
| 942 |
_cHN _2ddc _hउ _mप्रेमच |
||
| 999 |
_c13857 _d13857 |
||